Biggest Cities once in the French Empire - Statistics

General Stats
  • This quiz has been taken 32 times
  • The average score is 13 of 24
Answer Stats
Population City % Correct
11.5 m Paris
100%
4.3 m Algiers
90%
2.7 m Tunis
83%
4.5 m Casablanca
72%
7.4 m Hanoi
72%
2.0 m Lyon
69%
4.2 m Dakar
66%
14.3 m Ho Chi Minh City
66%
7.1 m Abidjan
62%
4.5 m Montreal
62%
2.5 m Brazzaville
59%
5.7 m Bamako
55%
2.8 m Brussels
52%
3.4 m Ouagadougou
45%
41.6 m Shanghai
41%
4.0 m Yaoundé
41%
3.2 m Antananarivo
38%
2.2 m Cotonou
38%
4.0 Damascus
38%
3.0 m Port-au-Prince
38%
2.6 m Lomé
34%
2.9 m Phnom Penh
34%
3.0 m Conakry
31%
2.3 m Saint-Louis
28%
No matching quizzes found
Score Distribution
Percent of People with Each Score
Percentile by Number Answered
Your Score History
You have not taken this quiz